000
00259nam a22000977a 4500
999
_c
11714
_d
11714
008
200110b ||||| |||| 00| 0 eng d
020
_a
9780439650342
100
_a
Capucilli Satin
_9
7406
245
_a
Biscuit Finds a Friend
260
_a
New york
_b
Scholastic
_c
2004